000 00603nam a22001817a 4500
999 _c18418
_d18418
003 BDDh-ASL
005 20231015025715.0
008 200929s1959 enkac||| b||| 001 0 eng d
040 _aBDDh-ASL
_cBDDh-ASL
_dBDDh-ASL
082 _a923.254
_bBRN
100 1 _91252
_aBrecher, Michael
245 1 0 _aNehru:
_ba political biography/
_cby Michael Brecher.
260 _aLondon:
_bOxford University Press
_c1959.
300 _axv, 682 p. :
_bills., ports.;
_c23 cm.
504 _aIncludes bibliographical references and index.
600 1 0 _91255
_aNehru, Jawaharlal
_xPolitical biography
942 _2ddc
_cBK